Angels Baseball All-Time Team - Statistics

General Stats
  • This quiz has been taken 348 times
    347 since last reset
  • The average score is 5 of 12
Answer Stats
Hint Answer % Correct
SP Nolan Ryan
78%
OF Tim Salmon
75%
OF Garrett Anderson
49%
OF Vladimir Guerrero
39%
SP Chuck Finley
38%
CL Troy Percival
37%
2B Bobby Grich
33%
1B Wally Joyner
31%
SS Jim Fregosi
23%
C Bob Boone
22%
SP Mark Langston
21%
3B Doug Decinces
19%
No matching quizzes found
Score Distribution
Percent of People with Each Score
Percentile by Number Answered
Your Score History
You have not taken this quiz since the last reset